000 00461 a2200145 4500
020 _a0687440998
050 _aBV4832
_b.J653 1974
100 _aJones, E. Stanley .
_d1884-1973
_qE Stanley Jones
_98047
245 _aThe way :
_b364 adventures in daily living /
_cE Stanley Jones .
260 _aNashville :
_b Abingdon Press ;
_c♭1974.
300 _a382 p . :
_c18cm .
650 _aDevotional exercises.
_91804
650 _aDv̌otions.
_98048
942 _2lcc
_cBK
_n0
999 _c3807
_d3807